00470nam a22001337a 4500008004100000082001900041100002100060245012900081260002800210300003700238650003100275942001500306999001500321160928b xxu||||| |||| 00| 0 eng d aQTO 001.51 ASS aAssaifi, Najib.- aGuidelines for Planning Communication Support for Rural Development Campaings/cNajb M. Assaifi, James H. French.-hEnglish. aNew York:bUNDP,c1984. a(Various Pages).;bill.;c29cm.- 2Computers in Communication 2ddccBOOKS c4203d4203